Loading...
| Literature - British Literature | 4 | 4 | 0 | 0 | 100 | 23 | 80.00 | 4 | 5 |
| Literature - World Literature | 1 | 5 | 1 | 0 | 60 | 66 | 93.00 | 1 | 4 |
| Science - Chemistry | 1 | 5 | 1 | 0 | 60 | 43 | 88.83 | 3 | 5 |
| Science - Physics | 0 | 6 | 1 | 1 | 55 | 82 | 110.33 | 0 | 5 |
| Visual Arts | 0 | 6 | 1 | 0 | 55 | 92 | 109.50 | 0 | 4 |
| Literature - European Literature | 2 | 3 | 1 | 1 | 55 | 62 | 91.80 | 3 | 3 |
| Literature - American Literature | 2 | 2 | 0 | 0 | 50 | 40 | 70.75 | 2 | 3 |
| Science - Other Science | 0 | 4 | 0 | 1 | 40 | 100 | 117.50 | 0 | 1 |
| Beliefs | 0 | 4 | 0 | 0 | 40 | 86 | 122.75 | 0 | 1 |
| Philosophy | 0 | 3 | 0 | 1 | 30 | 115 | 125.00 | 0 | 2 |
| Science - Biology | 0 | 3 | 0 | 2 | 30 | 113 | 118.00 | 3 | 3 |
| Social Science | 0 | 2 | 0 | 0 | 20 | 88 | 96.00 | 1 | 2 |
| History - European History | 0 | 2 | 0 | 0 | 20 | 101 | 109.50 | 0 | 1 |
| Auditory Arts | 0 | 2 | 1 | 1 | 15 | 111 | 122.50 | 0 | 2 |
| Current Events | 0 | 1 | 0 | 0 | 10 | 100 | 100.00 | 0 | 1 |
| Other Academic | 0 | 0 | 1 | 0 | -5 | 0.00 | 0 | 0 |